00189 a2200097 450000100060000008200140000610000160002024500250003625000080006126000220006961550 a005.2 HOR aHorton Ivor aBeginning Java 2 JDK a1.3 bShroff Publishers